000 02599nam a2200709 c 4500
003 BLK
005 20180420230109.0
008 180409b bul|||||r ||||||| ||bul||
010 _aKNG00106583000
020 _a5-17-010291-7
_bиздат.: АСТ
020 _a985-13-0296-1
_bиздат.: Харвест
020 _a985-13-0544-8
_bиздат.: Харвест - на том(т. 7)
040 _aBLK
041 _aRUS
_cRUS
080 _aОбща световна история. История на света
_b930.9
_x
_z930.9
080 _aИстория на Европа
_b94(4)
_x
_z94(4)
080 _aИстория на Азия
_b94(5)
_x
_z94(5)
100 1 _aБадак, Александр Николаевич
_eпърви автор
_935166
139 _aВсемирная история
_bВ 88
245 1 0 _aВсемирная история
_bТ. 1 -
_cАлександр Николаевич Бадак.
_nТ. 7
_pРаннее средновековье
257 _aBYE
_aRUS
260 Москва ; Минск
_bАСТ
_bХарвест
_c2000 -
_fМинск : ПК им. Я. Коласа
300 _c21 см
380 _a9
500 _aОфс. изд.
650 4 _aИстория, световна
_9261939
650 4 _aСредни векове - история и етнография
_9247208
651 4 _aАзия
_9253598
651 4 _aЕвропа
_9244407
651 4 _aКитай
_9242505
651 4 _aТибет
_9179656
651 4 _aКорея
_9255833
651 4 _aИндокитай
_9178951
651 4 _aЯпония
_9179845
651 4 _aИран
_9178954
651 4 _aСредна Азия
_9277406
651 4 _aЗадкавказие
_9178901
651 4 _aФранция
_9179722
651 4 _aИталия
_9178965
651 4 _aАнглия
_9178532
651 4 _aскандинавски страни
_9179549
651 4 _aНорвегия
_9179287
651 4 _aИспания
_9178962
651 4 _aРусия
_9179465
653 _aсветовна история
653 _aСредновековие
653 _aАзия
653 _aЕвропа
653 _aарабски страни
653 _aРимска империя
653 _aВизантия
653 _aславянски народи
653 _aхристиянство
653 _aислям
653 _aистория
760 1 _3- на том(т. 7)
_aБадак, Александр Николаевич
_dХарвест, 2001
_h592 с. : с ил. , 41 л. к.
_n5 100 тир.
_tТ. 7 Раннее средновековье
852 _aЦб 215111
856 4 _qpdf
_u
856 4 _qpdf
_u
942 _cKNG
_n0
944 _aCR
_c01.01.2002
_k
944 _aED
_c23.06.2003
_k
999 _c101533
_d101533